[Event "NB II. Szechenyi csoport"]
[Site "Ajka"]
[Date "2024.02.18"]
[Round "4.9"]
[White "Deak, Laszlo"]
[Black "Soos, David"]
[Result "0-1"]
[WhiteElo "1689"]
[BlackElo "1834"]
[PlyCount "80"]
[EventDate "2023.10.08"]
[EventType "team-tourn"]
[EventRounds "9"]
[EventCountry "HUN"]
[Source "chess.hu"]
[WhiteTeam "Z. Baki Agrocentrum"]
[BlackTeam "Sentimento Ajka BSK "]
[WhiteTeamCountry "HUN"]
[BlackTeamCountry "HUN"]

1. e4 c5 2. Nc3 d6 3. f4 Nf6 4. Nf3 a6 5. a4 e6 6. g3 Be7 7. Bg2 Nc6 8. O-O Qb6
9. h3 Bd7 10. Kh2 h5 11. d3 Qb4 12. Ne2 Nd4 13. Nfxd4 cxd4 14. c3 dxc3 15. bxc3
Qa5 16. Bd2 Qc5 17. d4 Qc4 18. e5 Nd5 19. Re1 Bc6 20. f5 dxe5 21. fxe6 fxe6 22.
Qc2 O-O-O 23. dxe5 Nb6 24. Bxc6 Qxc6 25. Qa2 Qd5 26. Nd4 Nc4 27. Re2 Rhf8 28.
Rd1 Nxe5 29. Qxd5 Rxd5 30. Kg2 Kd7 31. Bf4 Ng6 32. Rde1 Nxf4+ 33. gxf4 Rxf4 34.
Nxe6 Rxa4 35. Nd4 Bf6 36. Kf3 Ra3 37. Ke4 Re5+ 38. Kd3 Rxe2 39. Rxe2 b5 40. Nc2
Rxc3+ 0-1

[Event "NB II. Szechenyi csoport"]
[Site "Ajka"]
[Date "2024.02.18"]
[Round "4.10"]
[White "Vincze, Otto"]
[Black "Bedi, Bence"]
[Result "1-0"]
[WhiteElo "1692"]
[BlackElo "1454"]
[PlyCount "105"]
[EventDate "2023.10.08"]
[EventType "team-tourn"]
[EventRounds "9"]
[EventCountry "HUN"]
[Source "chess.hu"]
[WhiteTeam "Sentimento Ajka BSK "]
[BlackTeam "Z. Baki Agrocentrum"]
[WhiteTeamCountry "HUN"]
[BlackTeamCountry "HUN"]

1. e4 e6 2. d4 d5 3. Nd2 c5 4. c3 Nc6 5. Ngf3 Bd6 6. e5 Bc7 7. Bd3 Nge7 8. O-O
O-O 9. Bxh7+ Kh8 10. Bb1 g6 11. Re1 b6 12. Nf1 Kg7 13. Bg5 Rg8 14. Bf6+ Kf8 15.
Qd2 Ke8 16. Qh6 Kd7 17. Ng5 Qe8 18. Ne3 Bd8 19. Qh7 Rf8 20. Qh3 Kc7 21. dxc5
bxc5 22. Qg4 Rb8 23. b3 Kb7 24. Bd3 Ka8 25. Reb1 Ba5 26. Rc1 Bc7 27. Nf3 Qd7
28. Nd1 d4 29. Be4 Bb7 30. Bxe7 Qxe7 31. Bxc6 Bxc6 32. cxd4 Bxf3 33. Qxf3+ Rb7
34. Rxc5 Bb6 35. Rc4 Rd8 36. Rac1 Kb8 37. Qc3 Rc7 38. Rxc7 Bxc7 39. Ne3 Bb6 40.
Nc2 Qh4 41. Rd1 f6 42. exf6 Qxf6 43. Qf3 Qxf3 44. gxf3 Rd5 45. f4 Rf5 46. Re1
Rxf4 47. Rxe6 Bxd4 48. Nxd4 Rxd4 49. Rxg6 Rd2 50. a4 Rd3 51. Rg3 Rd6 52. h4 a5
53. Rg5 1-0

[Event "NB II. Szechenyi csoport"]
[Site "Ajka"]
[Date "2024.02.18"]
[Round "4.11"]
[White "Mazsa, Csaba Adam"]
[Black "Halmavanszki, Dora"]
[Result "1/2-1/2"]
[WhiteElo "1297"]
[BlackElo "1439"]
[PlyCount "133"]
[EventDate "2023.10.08"]
[EventType "team-tourn"]
[EventRounds "9"]
[EventCountry "HUN"]
[Source "chess.hu"]
[WhiteTeam "Z. Baki Agrocentrum"]
[BlackTeam "Sentimento Ajka BSK "]
[WhiteTeamCountry "HUN"]
[BlackTeamCountry "HUN"]

1. e4 e5 2. Nf3 Nc6 3. Bc4 Be7 4. d4 d6 5. dxe5 dxe5 6. Qxd8+ Bxd8 7. Nc3 a6 8.
Be3 h6 9. a3 Nf6 10. h3 O-O 11. O-O Be7 12. Nd5 Be6 13. Nxe7+ Nxe7 14. Bxe6
fxe6 15. Nxe5 Nxe4 16. Rad1 Rfd8 17. f3 Nf6 18. c4 b6 19. Rfe1 Rab8 20. b4 Kf8
21. g4 Ke8 22. c5 Nfd5 23. Bf2 Nf4 24. Kh2 Nfg6 25. cxb6 Rxd1 26. bxc7 Rc8 27.
Nxg6 Rxe1 28. Nxe7 Kxe7 29. Bxe1 Rxc7 30. a4 Rc1 31. Bf2 Kd6 32. Kg3 Kd5 33. a5
e5 34. Bb6 Kc4 35. Bc5 g6 36. Bd6 Rb1 37. Bxe5 Kxb4 38. Bc7 Ra1 39. f4 Rc1 40.
Bb6 Rc3+ 41. Kh4 Rf3 42. Bc7 Kc4 43. f5 gxf5 44. gxf5 Rxf5 45. Kg4 Rg5+ 46. Kf4
Rg8 47. h4 h5 48. Kf5 Kd3 49. Bf4 Rc8 50. Bd6 Rg8 51. Bc7 Kd4 52. Ke6 Kc5 53.
Kf7 Rg4 54. Bd8 Kd6 55. Bg5 Ra4 56. Kg6 Rxa5 57. Kxh5 Ke6 58. Kg6 Rf5 59. h5
Rxg5+ 60. Kxg5 Kf7 61. Kf5 a5 62. Ke5 a4 63. Kd4 a3 64. Kc3 a2 65. Kb2 Kg7 66.
h6+ Kxh6 67. Kxa2 1/2-1/2

[Event "NB II. Szechenyi csoport"]
[Site "Szombathely"]
[Date "2024.02.18"]
[Round "4.1"]
[White "Pinterne, Kovacs Marta"]
[Black "Takacs, Gergo"]
[Result "0-1"]
[WhiteElo "2071"]
[BlackElo "2193"]
[PlyCount "124"]
[EventDate "2023.10.08"]
[EventType "team-tourn"]
[EventRounds "9"]
[EventCountry "HUN"]
[Source "chess.hu"]
[WhiteTeam "Spartacus Sportkor"]
[BlackTeam "Haladas VSE III."]
[WhiteTeamCountry "HUN"]
[BlackTeamCountry "HUN"]

1. Nf3 c5 2. b3 Nf6 3. e3 e6 4. Bb2 Be7 5. c4 b6 6. Be2 Bb7 7. O-O O-O 8. Nc3
d5 9. d4 Na6 10. Rc1 Qc8 11. Ne5 Rd8 12. Bd3 Nb4 13. Bb1 dxc4 14. bxc4 Nc6 15.
Nf3 cxd4 16. exd4 Nxd4 17. Nxd4 Bc5 18. Nce2 e5 19. Qd3 exd4 20. Ng3 Qc6 21. f3
g6 22. Rfe1 Rac8 23. Ne4 Nxe4 24. Rxe4 Qf6 25. Re2 Ba6 26. a4 Qc6 27. Ba2 Qxa4
28. Bb3 Qc6 29. Ra1 b5 30. Rxa6 Qxa6 31. cxb5 Qf6 32. Re4 Re8 33. Bd5 Rxe4 34.
fxe4 Qf4 35. Bc6 Rd8 36. Bd5 Rd6 37. g3 Qe5 38. Bc4 Kg7 39. Kg2 f5 40. exf5
gxf5 41. Bc1 Qe4+ 42. Kf2 Rd8 43. h4 Re8 44. Bd2 Bd6 45. h5 h6 46. Qb3 f4 47.
g4 Be7 48. Qd3 Bh4+ 49. Kg1 f3 50. Qxe4 Rxe4 51. Kh2 Rxg4 52. Kh3 Rg2 53. Bf4
Bg5 54. Bb8 Rc2 55. Bf1 Rc1 56. Bd3 Rc3 57. Bf1 Ra3 58. Bd6 Ra1 59. Bc4 Rc1 60.
Bd3 Rd1 61. Bc4 f2 62. Kg2 Be3 0-1

[Event "NB II. Szechenyi csoport"]
[Site "Szombathely"]
[Date "2024.02.18"]
[Round "4.2"]
[White "Rovid, Kalman"]
[Black "Rezsek, Gyozo"]
[Result "1-0"]
[WhiteElo "2153"]
[BlackElo "2002"]
[PlyCount "105"]
[EventDate "2023.10.08"]
[EventType "team-tourn"]
[EventRounds "9"]
[EventCountry "HUN"]
[Source "chess.hu"]
[WhiteTeam "Haladas VSE III."]
[BlackTeam "Spartacus Sportkor"]
[WhiteTeamCountry "HUN"]
[BlackTeamCountry "HUN"]

1. e4 e5 2. Nf3 Nc6 3. Bb5 a6 4. Bxc6 dxc6 5. O-O f6 6. d4 exd4 7. Nxd4 c5 8.
Ne2 Qxd1 9. Rxd1 Bd6 10. Bf4 Bxf4 11. Nxf4 Ne7 12. Nc3 Bd7 13. Rd2 Rc8 14. Rad1
Bc6 15. Ne6 Kf7 16. Nxc5 Ng6 17. f3 Rhe8 18. Kf2 a5 19. Nb3 b6 20. Nd4 Bb7 21.
b3 Re5 22. Nf5 Bc6 23. Ne2 a4 24. h4 Nf8 25. c4 Ne6 26. Nfd4 Be8 27. Nxe6 Rxe6
28. Nf4 Re5 29. g4 axb3 30. axb3 Ra5 31. h5 Ra3 32. Rd3 Rca8 33. Ke3 R8a5 34.
Nd5 Ra7 35. f4 Ra2 36. Nc3 Rg2 37. Kf3 Rb2 38. Rb1 Rh2 39. Kg3 Rc2 40. Re3 Bc6
41. Nd5 Raa2 42. Rg1 Bxd5 43. cxd5 h6 44. e5 Ke7 45. Kf3 Rc5 46. Rd1 fxe5 47.
fxe5 Ra8 48. Ke4 Rf8 49. Rd4 Rb5 50. Rc4 Kd7 51. Rec3 Rc8 52. e6+ Kd8 53. d6
1-0

[Event "NB II. Szechenyi csoport"]
[Site "Szombathely"]
[Date "2024.02.18"]
[Round "4.3"]
[White "Rozsa, Peter"]
[Black "Joo, Gabor"]
[Result "1/2-1/2"]
[WhiteElo "2052"]
[BlackElo "1971"]
[PlyCount "41"]
[EventDate "2023.10.08"]
[EventType "team-tourn"]
[EventRounds "9"]
[EventCountry "HUN"]
[Source "chess.hu"]
[WhiteTeam "Spartacus Sportkor"]
[BlackTeam "Haladas VSE III."]
[WhiteTeamCountry "HUN"]
[BlackTeamCountry "HUN"]

1. Nf3 g6 2. d4 Bg7 3. e4 d6 4. c3 e6 5. Be2 Ne7 6. O-O O-O 7. Re1 b6 8. Bf4
Bb7 9. Nbd2 Nd7 10. Qa4 Nf6 11. Ba6 Bxa6 12. Qxa6 Qc8 13. Qxc8 Raxc8 14. Bg5 h6
15. Bxf6 Bxf6 16. e5 dxe5 17. Nxe5 Bxe5 18. Rxe5 Rfd8 19. Nf3 Rd5 20. Rxd5 Nxd5
21. Rd1 1/2-1/2

[Event "NB II. Szechenyi csoport"]
[Site "Szombathely"]
[Date "2024.02.18"]
[Round "4.4"]
[White "Gaal, Ede"]
[Black "Nemeth, Zsolt"]
[Result "0-1"]
[WhiteElo "2011"]
[BlackElo "1931"]
[PlyCount "80"]
[EventDate "2023.10.08"]
[EventType "team-tourn"]
[EventRounds "9"]
[EventCountry "HUN"]
[Source "chess.hu"]
[WhiteTeam "Haladas VSE III."]
[BlackTeam "Spartacus Sportkor"]
[WhiteTeamCountry "HUN"]
[BlackTeamCountry "HUN"]

1. e4 e5 2. Nf3 Nc6 3. Bb5 a6 4. Bxc6 dxc6 5. O-O f6 6. d4 exd4 7. Nxd4 c5 8.
Nb3 Qxd1 9. Rxd1 Bd7 10. Bf4 O-O-O 11. Nc3 Be6 12. Rxd8+ Kxd8 13. Rd1+ Kc8 14.
h3 b6 15. g4 Ne7 16. Kg2 Nc6 17. Nd5 Ne5 18. Bxe5 fxe5 19. Nd2 b5 20. c4 Bd6
21. b3 Rd8 22. Kf3 c6 23. Ne3 g6 24. Ke2 Be7 25. Nf3 Rxd1 26. Kxd1 Bf6 27. Kd2
Kd7 28. Kd3 Kd6 29. Nd1 Bd8 30. Nc3 h5 31. Nh2 Bg5 32. Ne2 a5 33. a4 Bd7 34. f3
Bh4 35. f4 exf4 36. Nf3 Bg3 37. e5+ Ke7 38. Ke4 hxg4 39. hxg4 Bxg4 40. cxb5
Bf5# 0-1

[Event "NB II. Szechenyi csoport"]
[Site "Szombathely"]
[Date "2024.02.18"]
[Round "4.5"]
[White "Szakaly, Laszlo"]
[Black "Gutmann, Alois"]
[Result "0-1"]
[WhiteElo "1873"]
[BlackElo "1973"]
[PlyCount "56"]
[EventDate "2023.10.08"]
[EventType "team-tourn"]
[EventRounds "9"]
[EventCountry "HUN"]
[Source "chess.hu"]
[WhiteTeam "Spartacus Sportkor"]
[BlackTeam "Haladas VSE III."]
[WhiteTeamCountry "HUN"]
[BlackTeamCountry "HUN"]

1. d4 e6 2. Nc3 d5 3. Bf4 Nf6 4. e3 Be7 5. Nf3 O-O 6. Bd3 c5 7. dxc5 Bxc5 8. g4
Nc6 9. Ne5 d4 10. Nxc6 bxc6 11. Ne4 Bb4+ 12. Kf1 Nd5 13. Qf3 dxe3 14. fxe3 f5
15. gxf5 Nxf4 16. exf4 Rxf5 17. Ng3 Rd5 18. Qe4 Qf8 19. Qxh7+ Kf7 20. Nh5 Ke8
21. Qg6+ Kd8 22. Qxg7 Rxh5 23. Qxf8+ Bxf8 24. Rd1 Kc7 25. Be4 Rh4 26. Ke2 Rxf4
27. Bd3 e5 28. Rhf1 Bg4+ 0-1

[Event "NB II. Szechenyi csoport"]
[Site "Szombathely"]
[Date "2024.02.18"]
[Round "4.6"]
[White "Horvath, Reka"]
[Black "Tamas, Gyorgy"]
[Result "1-0"]
[WhiteElo "1996"]
[BlackElo "1907"]
[PlyCount "103"]
[EventDate "2023.10.08"]
[EventType "team-tourn"]
[EventRounds "9"]
[EventCountry "HUN"]
[Source "chess.hu"]
[WhiteTeam "Haladas VSE III."]
[BlackTeam "Spartacus Sportkor"]
[WhiteTeamCountry "HUN"]
[BlackTeamCountry "HUN"]

1. Nf3 Nf6 2. g3 g6 3. Bg2 Bg7 4. O-O O-O 5. d4 d5 6. c4 c6 7. cxd5 cxd5 8. Nc3
Nc6 9. Ne5 e6 10. Bg5 h6 11. Nxc6 bxc6 12. Bxf6 Bxf6 13. Na4 Rb8 14. b3 Bg7 15.
Rc1 Bd7 16. Nc5 Qe7 17. Qd2 Rfc8 18. Rc2 Be8 19. Rfc1 Kh7 20. e3 e5 21. dxe5
Bxe5 22. Nd3 Bg7 23. Bxd5 Rd8 24. Bc4 Qe4 25. Nc5 Qf5 26. Bd3 Qe5 27. Qe2 Bf8
28. h4 Kg7 29. h5 Qxh5 30. Qxh5 gxh5 31. Be2 Kg6 32. Kg2 Kg7 33. Bxh5 Rb5 34.
Bf3 Rd6 35. Na4 c5 36. Nxc5 Rdb6 37. Ne4 Ba3 38. Rd1 Bc6 39. Nd2 Bxf3+ 40. Nxf3
Bf8 41. Rd7 Ra6 42. Nd4 Rba5 43. a4 Rc5 44. Rxc5 Bxc5 45. Nb5 Rb6 46. Nc7 Kg6
47. Rd5 Ba3 48. Nb5 Bf8 49. Rd8 Bc5 50. Rc8 Be7 51. Rc7 Kf6 52. Rxa7 1-0

[Event "NB II. Szechenyi csoport"]
[Site "Szombathely"]
[Date "2024.02.18"]
[Round "4.7"]
[White "Suket, Mark"]
[Black "Toth, Tibor"]
[Result "0-1"]
[WhiteElo "1710"]
[BlackElo "1943"]
[PlyCount "70"]
[EventDate "2023.10.08"]
[EventType "team-tourn"]
[EventRounds "9"]
[EventCountry "HUN"]
[Source "chess.hu"]
[WhiteTeam "Spartacus Sportkor"]
[BlackTeam "Haladas VSE III."]
[WhiteTeamCountry "HUN"]
[BlackTeamCountry "HUN"]

1. e4 d5 2. exd5 Nf6 3. Nc3 Nxd5 4. Nxd5 Qxd5 5. Qf3 Qa5 6. Bc4 e6 7. c3 Nc6 8.
b4 Qe5+ 9. Ne2 Bxb4 10. Rb1 Bd6 11. Bb5 Bd7 12. Ba4 Qd5 13. Qxd5 exd5 14. Rxb7
Ne5 15. Bxd7+ Kxd7 16. O-O Nd3 17. Rb5 c6 18. Rb7+ Bc7 19. Ba3 Rhb8 20. Rfb1
Rxb7 21. Rxb7 Rb8 22. Rxb8 Bxb8 23. Nd4 g6 24. h3 c5 25. Nb3 Kc6 26. Nc1 Nf4
27. Kf1 Bd6 28. Ne2 Nd3 29. g3 Kb5 30. Nc1 Ka4 31. Nxd3 Kxa3 32. Nc1 Kb2 33.
Nb3 Kxa2 34. Na5 Bc7 35. Nc6 a5 0-1

[Event "NB II. Szechenyi csoport"]
[Site "Szombathely"]
[Date "2024.02.18"]
[Round "4.8"]
[White "Farkas, Renata"]
[Black "Gyorfi, Norbert"]
[Result "1-0"]
[WhiteElo "1978"]
[BlackElo "1663"]
[PlyCount "79"]
[EventDate "2023.10.08"]
[EventType "team-tourn"]
[EventRounds "9"]
[EventCountry "HUN"]
[Source "chess.hu"]
[WhiteTeam "Haladas VSE III."]
[BlackTeam "Spartacus Sportkor"]
[WhiteTeamCountry "HUN"]
[BlackTeamCountry "HUN"]

1. d4 d5 2. c4 dxc4 3. Nf3 c6 4. g3 Nf6 5. Bg2 g6 6. O-O Bg7 7. a4 O-O 8. Qc2
Be6 9. Rd1 Na6 10. Bg5 Nb4 11. Qc1 Rc8 12. Na3 Nfd5 13. Nxc4 b5 14. Na3 bxa4
15. Qc5 Qd6 16. Rac1 Qxc5 17. Rxc5 h6 18. Bd2 Rb8 19. Ra5 Nf6 20. Ne5 Bd5 21.
Rxa7 e6 22. Bxd5 Nbxd5 23. Bc1 Ra8 24. Rxa8 Rxa8 25. Nxc6 Rc8 26. Ne5 Ne4 27.
Nec4 Rc6 28. Kg2 h5 29. h4 Bf8 30. Kf3 Nef6 31. e4 Nb4 32. Bg5 Nd7 33. d5 exd5
34. exd5 Rc5 35. d6 f6 36. Be3 Rf5+ 37. Kg2 Nd5 38. Bd4 Kf7 39. Nc2 N7b6 40.
Nxb6 1-0

[Event "NB II. Szechenyi csoport"]
[Site "Szombathely"]
[Date "2024.02.18"]
[Round "4.9"]
[White "Vajda, Lajos"]
[Black "Bardics, Marko"]
[Result "1/2-1/2"]
[WhiteElo "1729"]
[BlackElo "1738"]
[PlyCount "88"]
[EventDate "2023.10.08"]
[EventType "team-tourn"]
[EventRounds "9"]
[EventCountry "HUN"]
[Source "chess.hu"]
[WhiteTeam "Spartacus Sportkor"]
[BlackTeam "Haladas VSE III."]
[WhiteTeamCountry "HUN"]
[BlackTeamCountry "HUN"]

1. c4 e6 2. Nc3 Nf6 3. g3 d5 4. cxd5 exd5 5. d4 Bd6 6. Bg2 c6 7. Nf3 Bf5 8. Nh4
Bg6 9. O-O Nbd7 10. h3 O-O 11. Nxg6 hxg6 12. Bg5 Re8 13. e4 dxe4 14. Nxe4 Be7
15. Nxf6+ Bxf6 16. Be3 Nb6 17. Rc1 Nd5 18. Qd2 Qd6 19. Bxd5 Qxd5 20. b3 Rad8
21. Rfd1 Qf5 22. Kg2 Rd5 23. Rc5 Qe4+ 24. Kg1 Red8 25. Rxd5 Rxd5 26. Qb4 Qe7
27. Qxe7 Bxe7 28. Kf1 Bf6 29. Ke2 Kf8 30. h4 Ke7 31. Kd3 Kd7 32. Kc4 Ke6 33. b4
b6 34. a4 c5 35. b5 cxd4 36. Bxd4 Bxd4 37. Rxd4 Rc5+ 38. Kd3 Rc1 39. f3 Rg1 40.
g4 Rh1 41. g5 Rd1+ 42. Ke3 Re1+ 43. Kf4 Rc1 44. Kg4 Ke7 1/2-1/2

[Event "NB II. Szechenyi csoport"]
[Site "Szombathely"]
[Date "2024.02.18"]
[Round "4.10"]
[White "Vilics, Hanna"]
[Black "Jakab, Aron"]
[Result "1-0"]
[WhiteElo "1755"]
[BlackElo "1564"]
[PlyCount "97"]
[EventDate "2023.10.08"]
[EventType "team-tourn"]
[EventRounds "9"]
[EventCountry "HUN"]
[Source "chess.hu"]
[WhiteTeam "Haladas VSE III."]
[BlackTeam "Spartacus Sportkor"]
[WhiteTeamCountry "HUN"]
[BlackTeamCountry "HUN"]

1. d4 Nf6 2. Nf3 g6 3. g3 Bg7 4. Bg2 O-O 5. O-O d6 6. c4 Bf5 7. Nc3 Nc6 8. b3
Ne4 9. Bb2 Nxc3 10. Bxc3 Qc8 11. Qd2 e5 12. d5 Nb8 13. Ne1 Nd7 14. e4 Bg4 15.
f3 Bh5 16. g4 Nf6 17. gxh5 Nxh5 18. Nd3 Qd8 19. Qe1 Bf6 20. Bd2 Bh4 21. Qc1 Bf6
22. Nf2 g5 23. Nh3 h6 24. Rb1 Nf4 25. Bxf4 exf4 26. Qd2 Be5 27. Nf2 h5 28. Bh3
Kg7 29. Kh1 Kh6 30. Rg1 Rg8 31. Rg2 Rg7 32. Bf5 Rg8 33. Nd3 f6 34. Qf2 b6 35.
b4 Qe7 36. Be6 Rg7 37. c5 Rb8 38. Nxe5 fxe5 39. cxd6 Qxd6 40. Rc1 Qxb4 41. Bf5
c5 42. dxc6 Rc7 43. Qd2 Qa3 44. Rc3 Qb4 45. Qb2 Qe7 46. Rd2 Rd8 47. Rcd3 Rxd3
48. Rxd3 Rxc6 49. Rd7 1-0

[Event "NB II. Szechenyi csoport"]
[Site "Szombathely"]
[Date "2024.02.18"]
[Round "4.11"]
[White "Janzso, Levente"]
[Black "Pergel, Bence"]
[Result "0-1"]
[WhiteElo "1338"]
[BlackElo "1573"]
[PlyCount "80"]
[EventDate "2023.10.08"]
[EventType "team-tourn"]
[EventRounds "9"]
[EventCountry "HUN"]
[Source "chess.hu"]
[WhiteTeam "Spartacus Sportkor"]
[BlackTeam "Haladas VSE III."]
[WhiteTeamCountry "HUN"]
[BlackTeamCountry "HUN"]

1. e4 e5 2. Nf3 Nc6 3. d4 exd4 4. Nxd4 Nf6 5. Nxc6 bxc6 6. Bd3 Bb4+ 7. Bd2
Bxd2+ 8. Qxd2 O-O 9. Nc3 Re8 10. O-O d5 11. Rfe1 dxe4 12. Rad1 exd3 13. Qxd3
Qxd3 14. Rxe8+ Nxe8 15. Rxd3 Bf5 16. Re3 Nd6 17. h3 Re8 18. Rf3 Bxc2 19. Rf4
Kf8 20. b3 Ne4 21. Na4 Bb1 22. f3 Nd2 23. Nc3 Re3 24. Nxb1 Nxb1 25. Ra4 Nc3 26.
Rxa7 Re1+ 27. Kf2 Re2+ 28. Kg3 Rxa2 29. Rxc7 Ra6 30. Rb7 Nd5 31. Kh4 Rb6 32.
Ra7 Rxb3 33. Ra8+ Ke7 34. Ra7+ Ke6 35. Ra2 Rb4+ 36. g4 Rb3 37. Kg3 c5 38. h4 c4
39. Kf2 c3 40. Ke1 Rb1+ 0-1

[Event "NB II. Szechenyi csoport"]
[Site "Szombathely"]
[Date "2024.02.18"]
[Round "4.12"]
[White "Bolla, Zsofia"]
[Black "Kis, Vanda Liana"]
[Result "1-0"]
[WhiteElo "1437"]
[BlackElo "1140"]
[PlyCount "111"]
[EventDate "2023.10.08"]
[EventType "team-tourn"]
[EventRounds "9"]
[EventCountry "HUN"]
[Source "chess.hu"]
[WhiteTeam "Haladas VSE III."]
[BlackTeam "Spartacus Sportkor"]
[WhiteTeamCountry "HUN"]
[BlackTeamCountry "HUN"]

1. e4 c5 2. Nf3 d6 3. d4 cxd4 4. Nxd4 Nf6 5. Nc3 Nc6 6. Bg5 e6 7. Qd2 Be7 8.
O-O-O O-O 9. Ndb5 d5 10. Bxf6 Bxf6 11. exd5 exd5 12. Nxd5 Be6 13. Nxf6+ Qxf6
14. Nc3 Rad8 15. Qe3 Rxd1+ 16. Kxd1 Rd8+ 17. Kc1 a6 18. Be2 Nb4 19. a3 Nd5 20.
Nxd5 Bxd5 21. f3 Bc6 22. Bd3 g6 23. Re1 Kg7 24. Qe5 Qxe5 25. Rxe5 Kf6 26. Re3
Rd4 27. Kd2 Rh4 28. h3 Rf4 29. Kc3 h5 30. b4 b5 31. Be2 h4 32. Rd3 Ke7 33. Rd4
Rxd4 34. Kxd4 Kd6 35. c4 f5 36. cxb5 axb5 37. Ke3 g5 38. Kd4 g4 39. Ke3 gxf3
40. gxf3 Ke5 41. f4+ Kd6 42. Bf1 Kd5 43. Kd3 Bd7 44. Bg2+ Ke6 45. Kd4 Kd6 46.
Bf3 Be8 47. Be2 Bc6 48. Bd3 Bd7 49. Bc2 Be6 50. a4 bxa4 51. Bxa4 Bd5 52. Bc2
Be6 53. Bd3 Bc8 54. b5 Bd7 55. b6 Kc6 56. Ke5 1-0

[Event "NB II. Szechenyi csoport"]
[Site "Sarvar"]
[Date "2024.02.18"]
[Round "4.1"]
[White "Szegi, Tamas"]
[Black "Smideliusz, Mark"]
[Result "1/2-1/2"]
[WhiteElo "2135"]
[BlackElo "2185"]
[PlyCount "25"]
[EventDate "2023.10.08"]
[EventType "team-tourn"]
[EventRounds "9"]
[EventCountry "HUN"]
[Source "chess.hu"]
[WhiteTeam "Sakkbaratok Kisber-Aszar I."]
[BlackTeam "Sarvari Sakk Club SE"]
[WhiteTeamCountry "HUN"]
[BlackTeamCountry "HUN"]

1. d4 Nf6 2. Bf4 d6 3. Nf3 g6 4. h3 Bg7 5. e3 Nbd7 6. Be2 O-O 7. O-O Re8 8. Re1
c6 9. Bh2 Qb6 10. Qc1 Ne4 11. Nbd2 Nxd2 12. Nxd2 c5 13. c3 1/2-1/2

[Event "NB II. Szechenyi csoport"]
[Site "Sarvar"]
[Date "2024.02.18"]
[Round "4.2"]
[White "Odor, Istvan"]
[Black "Sarok, Peter"]
[Result "0-1"]
[WhiteElo "2111"]
[BlackElo "2039"]
[PlyCount "104"]
[EventDate "2023.10.08"]
[EventType "team-tourn"]
[EventRounds "9"]
[EventCountry "HUN"]
[Source "chess.hu"]
[WhiteTeam "Sarvari Sakk Club SE"]
[BlackTeam "Sakkbaratok Kisber-Aszar I."]
[WhiteTeamCountry "HUN"]
[BlackTeamCountry "HUN"]

1. e4 e6 2. d4 d5 3. exd5 exd5 4. Nf3 Nf6 5. Bd3 Be7 6. O-O O-O 7. h3 h6 8. Re1
Be6 9. Ne5 c5 10. Ng6 Re8 11. Nxe7+ Qxe7 12. dxc5 Qxc5 13. Be3 Qe7 14. Nc3 Nc6
15. Nb5 a6 16. Nd4 Ne5 17. Bf1 Nc4 18. Bf4 Rad8 19. Qc1 Nh5 20. Bxh6 gxh6 21.
Qxh6 Qf6 22. Qxh5 Qxd4 23. Bd3 Qf6 24. g4 Nxb2 25. Bh7+ Kf8 26. Rab1 b5 27. g5
Qg7 28. Re3 Nc4 29. Rg3 Nd2 30. Rd1 Ne4 31. Rg2 Bc8 32. g6 f5 33. Qf3 Re7 34.
h4 Nf6 35. h5 Nxh7 36. Qf4 Re4 37. Qd2 Rg4 38. Rxg4 fxg4 39. gxh7 Qxh7 40. Qg5
Qe7 41. Qh6+ Kg8 42. Rd4 Rd6 43. Qd2 Qe5 44. Qc3 Qe8 45. h6 Rxh6 46. Rxd5 Bb7
47. Rg5+ Rg6 48. Rh5 Rg7 49. Rh2 Qd7 50. Qe1 Re7 51. Qa1 Rh7 52. Rxh7 Qxh7 0-1

[Event "NB II. Szechenyi csoport"]
[Site "Sarvar"]
[Date "2024.02.18"]
[Round "4.3"]
[White "Dekany, Lajos"]
[Black "Balka, Richard"]
[Result "0-1"]
[WhiteElo "1931"]
[BlackElo "2082"]
[PlyCount "78"]
[EventDate "2023.10.08"]
[EventType "team-tourn"]
[EventRounds "9"]
[EventCountry "HUN"]
[Source "chess.hu"]
[WhiteTeam "Sakkbaratok Kisber-Aszar I."]
[BlackTeam "Sarvari Sakk Club SE"]
[WhiteTeamCountry "HUN"]
[BlackTeamCountry "HUN"]

1. d4 d5 2. Bf4 c5 3. e3 cxd4 4. exd4 Nc6 5. Nf3 Bg4 6. c3 Qb6 7. b4 e6 8. Nbd2
Nge7 9. h3 Bxf3 10. Nxf3 Nf5 11. Bd3 Bd6 12. Bd2 Nfe7 13. O-O Ng6 14. Re1 Nce7
15. a4 a6 16. Qb3 O-O 17. Rac1 Rac8 18. Ne5 Bxe5 19. dxe5 Nc6 20. Be3 d4 21.
cxd4 Qxb4 22. Qd1 Rfd8 23. Rc4 Qa3 24. f4 Nge7 25. Qb1 b5 26. Bc1 Qxd3 27. Qxd3
bxc4 28. Qxc4 a5 29. Qa2 Rxd4 30. g3 Rd3 31. Be3 Nb4 32. Qf2 Ned5 33. Bc5 Na6
34. Bd6 Rcc3 35. Kh2 Rf3 36. Qa7 h5 37. Qxa6 Rxg3 38. f5 Nf4 39. Rf1 Rg2+ 0-1

[Event "NB II. Szechenyi csoport"]
[Site "Sarvar"]
[Date "2024.02.18"]
[Round "4.4"]
[White "Ongai, Erik"]
[Black "Somody, Robert"]
[Result "1/2-1/2"]
[WhiteElo "2078"]
[BlackElo "2004"]
[PlyCount "73"]
[EventDate "2023.10.08"]
[EventType "team-tourn"]
[EventRounds "9"]
[EventCountry "HUN"]
[Source "chess.hu"]
[WhiteTeam "Sarvari Sakk Club SE"]
[BlackTeam "Sakkbaratok Kisber-Aszar I."]
[WhiteTeamCountry "HUN"]
[BlackTeamCountry "HUN"]

1. e4 c6 2. d4 d5 3. exd5 cxd5 4. Bd3 Nc6 5. c3 Nf6 6. Nf3 Bg4 7. O-O e6 8. Bg5
Be7 9. Nbd2 Bh5 10. Qb3 Qc7 11. Rae1 Bg6 12. Qc2 O-O 13. Bh4 Nb4 14. cxb4 Qxc2
15. Bxc2 Bxc2 16. Rc1 Bd3 17. Rfe1 Bxb4 18. Re3 Ba6 19. a3 Bd6 20. Rec3 b6 21.
Ne5 Bxe5 22. dxe5 Nd7 23. Be7 Rfc8 24. f4 Rxc3 25. Rxc3 Rc8 26. Rxc8+ Bxc8 27.
Nb3 Nb8 28. Nd4 Bd7 29. Kf2 h5 30. h4 Nc6 31. Nxc6 Bxc6 32. Bd6 Kh7 33. Bb8 a6
34. Ba7 b5 35. g3 Kg6 36. Bd4 f6 37. Kf3 1/2-1/2

[Event "NB II. Szechenyi csoport"]
[Site "Sarvar"]
[Date "2024.02.18"]
[Round "4.5"]
[White "Gonczol, Gabor"]
[Black "Szep, Milan"]
[Result "1/2-1/2"]
[WhiteElo "1936"]
[BlackElo "1976"]
[PlyCount "44"]
[EventDate "2023.10.08"]
[EventType "team-tourn"]
[EventRounds "9"]
[EventCountry "HUN"]
[Source "chess.hu"]
[WhiteTeam "Sakkbaratok Kisber-Aszar I."]
[BlackTeam "Sarvari Sakk Club SE"]
[WhiteTeamCountry "HUN"]
[BlackTeamCountry "HUN"]

1. Nf3 d5 2. d4 Nf6 3. g3 e6 4. Bg2 Bd6 5. O-O c6 6. b3 O-O 7. Bb2 Nbd7 8. Nbd2
Qe7 9. c4 Re8 10. Re1 Ne4 11. Nxe4 dxe4 12. Nd2 e3 13. Ne4 exf2+ 14. Kxf2 Bc7
15. Qd2 e5 16. e3 f5 17. Nc3 Nf6 18. d5 e4 19. Rad1 Ng4+ 20. Kg1 Qg5 21. d6 Bb6
22. Na4 Bd7 1/2-1/2

[Event "NB II. Szechenyi csoport"]
[Site "Sarvar"]
[Date "2024.02.18"]
[Round "4.6"]
[White "Zsiros, Gyorgy"]
[Black "Farkas, Ferenc"]
[Result "0-1"]
[WhiteElo "1955"]
[BlackElo "1788"]
[PlyCount "74"]
[EventDate "2023.10.08"]
[EventType "team-tourn"]
[EventRounds "9"]
[EventCountry "HUN"]
[Source "chess.hu"]
[WhiteTeam "Sarvari Sakk Club SE"]
[BlackTeam "Sakkbaratok Kisber-Aszar I."]
[WhiteTeamCountry "HUN"]
[BlackTeamCountry "HUN"]

1. e4 c5 2. Nf3 d6 3. d4 cxd4 4. Nxd4 Nf6 5. Nc3 a6 6. Bg5 e6 7. Bc4 Be7 8. Be3
O-O 9. g4 Nxe4 10. Nxe4 d5 11. Bd3 dxe4 12. Bxe4 Qa5+ 13. c3 Qe5 14. Qc2 f5 15.
Bd3 f4 16. Nf3 Qc7 17. Bxh7+ Kh8 18. Bd2 b5 19. O-O-O Bb7 20. Be4 Nd7 21. h4
Bxe4 22. Qxe4 Nc5 23. Qc2 Rad8 24. Ng5 Nd3+ 25. Kb1 Qc4 26. Rh3 e5 27. b3 Qd5
28. Bxf4 e4 29. Be3 Kg8 30. Rd2 Bf6 31. Rg3 b4 32. Nxe4 Qxe4 33. Bd4 Bxd4 34.
cxd4 Nxf2 35. Re2 Qxc2+ 36. Kxc2 Rxd4 37. g5 Rxh4 0-1